000 00434nam a2200169Ia 4500
005 20250508160416.0
008 008 250505s9999 xx 000 0 eng d
037 _aTextual
040 _aFEDL
_beng
_cFEDL
041 _aeng
_2eng
084 _a574.192, FAI
_qFEDL
245 0 _aEssentials of biological chemistry
250 _a2nd
300 _a314p.
942 _cTEXL
_h574.192, FAI
999 _c1364438
_d1364438